25 Most Popular Netflix Shows - 2020 - Statistics

General Stats
  • This quiz has been taken 555 times
  • The average score is 2 of 25
Answer Stats
# Name % Correct
3 The Office
53%
6 Outer Banks
31%
17 The Crown
25%
17 13 Reasons Why
19%
8 The Umbrella Academy
18%
2 The Queen's Gambit
17%
5 Ozark
12%
9 Cobra Kai
11%
4 Tiger King
11%
1 Cocomelon
8%
21 Emily in Paris
8%
19 Dead to Me
4%
22 Shameless
4%
12 All American
3%
7 Avatar: The Last Airbender
3%
10 Love is Blind
3%
14 Schitt’s Creek
3%
15 Space Force
2%
23 Floor is Lava
1%
20 Ratched
1%
24 The Boss Baby: Back in Business
1%
25 The Great British Baking Show
1%
16 The Haunting of Bly Manor
1%
13 Jeffrey Epstein: Filthy Rich
0%
10 Unsolved Mysteries
0%
No matching quizzes found
Score Distribution
Percent of People with Each Score
Percentile by Number Answered
Your Score History
You have not taken this quiz